[Event "GER-chT U12"]
[Site "Magdeburg"]
[Date "2015.12.27"]
[Round "1.4"]
[White "Pislaru, Marius Alexander"]
[Black "Handschuh, Felix"]
[Result "1/2-1/2"]
[WhiteElo "1676"]
[BlackElo "1148"]
[PlyCount "87"]
[EventDate "2015.12.27"]
[EventType "team-swiss"]
[EventRounds "7"]
[EventCountry "GER"]
[SourceTitle "EXT 2017"]
[Source "ChessBase"]
[SourceDate "2016.10.25"]
[SourceVersion "1"]
[SourceVersionDate "2016.10.25"]
[SourceQuality "1"]
[WhiteTeam "Porz SG"]
[BlackTeam "Ergolding"]
[WhiteTeamCountry "GER"]
[BlackTeamCountry "GER"]

1. Nf3 Nc6 2. d4 e6 3. g3 Nf6 4. Bg2 Be7 5. 0-0 0-0 6. c4 d5 7. Nc3 b6 8. Qc2 Nb4 9. Qb1 Ba6 10. a3 Nc6 11. Rd1 Bxc4 12. b3 Ba6 13. e4 dxe4 14. Nxe4 Be2 15. Rd2 Bxf3 16. Nxf6+ Bxf6 17. Bxf3 Qe8 18. Bb2 Rd8 19. Qe4 Na5 20. Qc2 c5 21. Rad1 Nc6 22. dxc5 Rxd2 23. Rxd2 Bxb2 24. Qxb2 bxc5 25. Bxc6 Qxc6 26. Rc2 Rd8 27. Rc1 h5 28. Qc3 Rc8 29. b4 c4 30. Qe5 Qd5 31. Qe3 a6 32. Qb6 Qb5 33. Qd6 c3 34. Qd4 e5 35. Qe3 c2 36. Qb3 Qc4 37. Qxc4 Rxc4 38. Kf1 Rc3 39. Ke1 Rxa3 40. Rxc2 Ra4 41. Rc6 Rxb4 42. Rxa6 f6 43. Ra7 Rb1+ 44. Ke2 1/2-1/2

[Event "Cologne Longerich op-B 11th"]
[Site "Cologne"]
[Date "2014.08.01"]
[Round "1"]
[White "Schroeter, Juergen"]
[Black "Pislaru, Marius Alexander"]
[Result "0-1"]
[WhiteElo "1074"]
[BlackElo "1397"]
[PlyCount "90"]
[EventDate "2014.08.01"]
[EventType "swiss"]
[EventRounds "5"]
[EventCountry "GER"]
[SourceTitle "EXT 2022"]
[Source "ChessBase"]
[SourceDate "2021.10.06"]
[SourceVersion "1"]
[SourceVersionDate "2021.10.06"]
[SourceQuality "1"]

1. d4 Nf6 2. c4 g6 3. Nc3 Bg7 4. Bf4 d6 5. Nf3 0-0 6. e3 Nh5 7. Bg5 h6 8. Bh4 Nc6 9. Nd5 g5 10. Nxg5 hxg5 11. Bxg5 Nf6 12. Bd3 Nxd5 13. cxd5 Nb4 14. Be4 f5 15. Bb1 Nxd5 16. 0-0 Nf6 17. Bc2 e6 18. Bb3 Qe8 19. f4 Ne4 20. Bh4 Qg6 21. Bc2 Nf6 22. Bxf6 Bxf6 23. Rf3 Bg7 24. Rg3 Qf6 25. Qh5 Bd7 26. Rg6 Qe7 27. Rf1 Be8 28. Qh6 Bxg6 29. Qxg6 Rf6 30. Qg5 Qf7 31. d5 exd5 32. Rd1 Rf8 33. Rxd5 Qxd5 34. Bb3 Qxb3 35. axb3 Re6 36. Kf2 Re4 37. h4 Rb4 38. h5 Kh8 39. Qg6 Rxb3 40. Kf3 Rxb2 41. g4 fxg4+ 42. Qxg4 a5 43. Qd7 b5 44. f5 a4 45. Qe7 a3 0-1

[Event "Bad Godesberg op 17th"]
[Site "Bad Godesberg"]
[Date "2013.08.08"]
[Round "6"]
[White "Pislaru, Marius Alexander"]
[Black "Auschkalnis, Reinhard"]
[Result "0-1"]
[WhiteElo "1117"]
[BlackElo "1809"]
[PlyCount "120"]
[EventDate "2013.08.03"]
[EventType "swiss"]
[EventRounds "9"]
[EventCountry "GER"]
[SourceTitle "CBM 155 Extra"]
[Source "ChessBase"]
[SourceDate "2013.08.26"]
[SourceVersion "1"]
[SourceVersionDate "2013.08.26"]
[SourceQuality "1"]

1. e4 c5 2. d3 Nc6 3. Nd2 g6 4. Ngf3 Bg7 5. g3 e6 6. Bg2 Nge7 7. 0-0 0-0 8. c3 e5 9. Qc2 d6 10. Ne1 b6 11. f4 Bb7 12. f5 f6 13. g4 Bh6 14. Nef3 Be3+ 15. Kh1 g5 16. Nb3 Bxc1 17. Raxc1 Rc8 18. Qf2 d5 19. Rcd1 d4 20. h4 h6 21. a3 Qd6 22. c4 Kg7 23. Qg3 Rh8 24. Kg1 Nd8 25. Nxe5 Nf7 26. hxg5 hxg5 27. Kf2 Qxe5 28. Rh1 Qxg3+ 29. Kxg3 Ne5 30. Rhg1 Rh4 31. Bh3 Rch8 32. Rh1 Nxg4 33. Nd2 Ne3 34. Rde1 g4 35. Bg2 Nxg2 36. Kxg2 Rxh1 37. Rxh1 Rxh1 38. Kxh1 Nxf5 39. Kh2 Ne3 40. Kg3 Kg6 41. Kh4 Bc8 42. a4 Nd1 43. b3 Nf2 44. Kg3 Nxd3 45. Kh4 Bd7 46. Kg3 Kg5 47. Kg2 Kf4 48. Kf1 g3 49. Kg1 Bh3 50. Nf1 Bxf1 51. Kxf1 Kxe4 52. Kg2 Kf4 53. Kg1 Kg4 54. Kg2 Nc1 55. Kg1 f5 56. Kg2 d3 57. Kf1 d2 58. Kg1 d1Q+ 59. Kg2 Qe2+ 60. Kg1 Qf2+ 0-1

[Event "Bad Godesberg op 17th"]
[Site "Bad Godesberg"]
[Date "2013.08.07"]
[Round "5"]
[White "Leymann, Peter"]
[Black "Pislaru, Marius Alexander"]
[Result "0-1"]
[WhiteElo "1717"]
[BlackElo "1117"]
[PlyCount "86"]
[EventDate "2013.08.03"]
[EventType "swiss"]
[EventRounds "9"]
[EventCountry "GER"]
[SourceTitle "CBM 155 Extra"]
[Source "ChessBase"]
[SourceDate "2013.08.26"]
[SourceVersion "1"]
[SourceVersionDate "2013.08.26"]
[SourceQuality "1"]

1. e4 e6 2. f4 d5 3. e5 c5 4. Nf3 Nc6 5. c3 Qb6 6. Na3 Nh6 7. Bd3 Be7 8. Bc2 Nf5 9. 0-0 0-0 10. Kh1 a5 11. Qe1 Qc7 12. g4 Nh6 13. Qg3 Rb8 14. Qh3 b5 15. d4 b4 16. Nb1 Ba6 17. Rg1 Qb6 18. Bxh7+ Kxh7 19. g5 Rg8 20. Nh4 Bd3 21. Qxd3+ Kh8 22. Ng6+ fxg6 23. Qxg6 Nf5 24. Qh5+ Nh6 25. Qg6 Nf5 26. Rg4 Rgf8 27. Be3 Qb5 28. Nd2 Qe2 29. Rag1 Qxe3 30. Qh5+ Kg8 31. Qg6 Kh8 32. Qxe6 bxc3 33. bxc3 Qxd2 34. Qxd5 Qxc3 35. Qxc6 cxd4 36. Qg6 Qf3+ 37. R4g2 Nh4 38. Qc2 Nxg2 39. Rxg2 Rxf4 40. h4 Rbf8 41. Kg1 Qf1+ 42. Kh2 Rxh4+ 43. Kg3 Qf4# 0-1

[Event "Bad Godesberg op 15th"]
[Site "Bad Godesberg"]
[Date "2011.07.29"]
[Round "7"]
[White "Thierkopf, Guido"]
[Black "Pislaru, Marius Alexander"]
[Result "1-0"]
[WhiteElo "1578"]
[BlackElo "1313"]
[PlyCount "33"]
[EventDate "2011.07.23"]
[EventType "swiss"]
[EventRounds "9"]
[EventCountry "GER"]
[SourceTitle "EXT 2017"]
[Source "ChessBase"]
[SourceDate "2016.10.25"]
[SourceVersion "1"]
[SourceVersionDate "2016.10.25"]
[SourceQuality "1"]

1. e4 e6 2. d4 d5 3. e5 c5 4. c3 Nc6 5. Nf3 Qb6 6. Be2 Be7 7. 0-0 Nh6 8. dxc5 Bxc5 9. b4 Be7 10. Bxh6 gxh6 11. Nbd2 Bd7 12. Nb3 0-0-0 13. a4 Rhg8 14. Bd3 Nxb4 15. a5 Qc6 16. cxb4 Bxb4 17. Rc1 1-0

[Event "Bad Godesberg op 15th"]
[Site "Bad Godesberg"]
[Date "2011.07.28"]
[Round "6"]
[White "Pislaru, Marius Alexander"]
[Black "Zens, Rolf"]
[Result "0-1"]
[WhiteElo "1313"]
[BlackElo "1803"]
[PlyCount "58"]
[EventDate "2011.07.23"]
[EventType "swiss"]
[EventRounds "9"]
[EventCountry "GER"]
[SourceTitle "EXT 2017"]
[Source "ChessBase"]
[SourceDate "2016.10.25"]
[SourceVersion "1"]
[SourceVersionDate "2016.10.25"]
[SourceQuality "1"]

1. e4 c5 2. Nf3 d6 3. c3 Nf6 4. Bb5+ Bd7 5. 0-0 Bxb5 6. Re1 e6 7. d4 Be7 8. a4 Bd7 9. d5 0-0 10. Bg5 h6 11. Bh4 exd5 12. exd5 Bg4 13. Nbd2 Nxd5 14. Qc2 Bxh4 15. Nxh4 Qxh4 16. Re4 Qg5 17. Rae1 Bf5 18. Nf3 Qf6 19. Qb3 Bxe4 20. Rxe4 Nb6 21. h3 Nc6 22. Kh1 Rae8 23. Rxe8 Rxe8 24. Kg1 Ne5 25. Nh2 Nd3 26. Nf3 Qf4 27. Kh1 Nxf2+ 28. Kg1 Nxh3+ 29. Kh1 Ng5 0-1